Národný plán zavedenia eura v Slovenskej republike
Po splnení maastrichtských kritérií sa Slovensko stane členom zóny s jednotnou menou. Harmonogram prijatia eura. Vplyv zavedenia eura na finančný trh. Prijatie eura sa očakáva k 1. januáru 2009. Zavedenie eura v SR sa uskutoční súčasne do bezhotovostného i hotovostného peňažného obehu, bez prechodné...
Salvato in:
| Autore principale: | |
|---|---|
| Natura: | Capitolo di libro |
| Lingua: | slovacco |
| Soggetti: | |
| Tags: |
Nessun Tag, puoi essere il primo ad aggiungerne!!
|
MARC
| LEADER | 00000naa$a2200000$$$4500 | ||
|---|---|---|---|
| 001 | 0037562 | ||
| 005 | 20231107122021.9 | ||
| 041 | 0 | |a slo | |
| 044 | |a SK | ||
| 245 | 1 | 0 | |a Národný plán zavedenia eura v Slovenskej republike |c Ivan Barri |
| 520 | |a Po splnení maastrichtských kritérií sa Slovensko stane členom zóny s jednotnou menou. Harmonogram prijatia eura. Vplyv zavedenia eura na finančný trh. Prijatie eura sa očakáva k 1. januáru 2009. Zavedenie eura v SR sa uskutoční súčasne do bezhotovostného i hotovostného peňažného obehu, bez prechodného obdobia. | ||
| 610 | 2 | 0 | |a eurozóna |
| 610 | 2 | 0 | |a euro |
| 610 | 2 | 0 | |a integrácia menová |
| 610 | 2 | 0 | |a Slovensko |
| 610 | 2 | 0 | |a trh finančný |
| 100 | 1 | |a Barri, Ivan | |